[Event "ACP-Knockout-2020-Women"]
[Site "Emanuel Lasker Arena"]
[Date "2020.07.25"]
[Round "1.1"]
[White "Anastasia3003"]
[Black "Bojana Bejatovic"]
[Result "1-0"]
[WhiteElo "1855"]
[BlackElo "1620"]
[Annotator "NA"]
[PlyCount "53"]
[EventDate "2020.07.25"]
[EventType "k.o. (blitz)"]
[EventRounds "4"]

1. e4 {[%emt 0:00:03]} c5 {[%emt 0:00:01]} 2. b3 {[%emt 0:00:02]} g6 {[%emt 0:00:07]} 3. Bb2 {[%emt 0:00:09]} Nf6 {[%emt 0:00:01]} 4. c4 {[%emt 0:01:02]} d6 {[%emt 0:00:58]} 5. g3 {[%emt 0:00:18]} Nc6 {[%emt 0:00:40]} 6. Bg2 {[%emt 0:00:09]} Bg7 {[%emt 0:00:15]} 7. Ne2 {[%emt 0:00:54]} Bg4 {[%emt 0:01:38]} 8. f3 {[%emt 0:00:20]} Bd7 {[%emt 0:00:14]} 9. O-O {[%emt 0:00:11]} e5 {[%emt 0:00:24]} 10. Nbc3 {[%emt 0:00:09]} O-O {[%emt 0:00:07]} 11. d3 {[%emt 0:00:04]} a6 {[%emt 0:00:13]} 12. Qd2 {[%emt 0:00:29]} Qc8 {[%emt 0:00:55]} 13. Nd5 {[%emt 0:00:14]} Nxd5 {[%emt 0:00:05]} 14. cxd5 {[%emt 0:00:22]} Nd4 {[%emt 0:00:13]} 15. f4 {[%emt 0:00:08]} Bg4 {[%emt 0:00:57]} 16. Nxd4 {[%emt 0:00:10]} exd4 {[%emt 0:00:00]} 17. f5 {[%emt 0:00:18]} gxf5 {[%emt 0:00:18]} 18. h3 {[%emt 0:00:05]} fxe4 {[%emt 0:01:31]} 19. hxg4 {[%emt 0:00:14]} e3 {[%emt 0:00:01]} 20. Qe2 {[%emt 0:00:01]} Be5 {[%emt 0:00:11]} 21. Rf5 {[%emt 0:01:01]} Qd8 {[%emt 0:00:48]} 22. Be4 {[%emt 0:00:47]} f6 {[%emt 0:01:11]} 23. Kg2 {[%emt 0:00:24]} h6 {[%emt 0:00:32]} 24. Rh1 {[%emt 0:00:42]} Kg7 {[%emt 0:00:01]} 25. g5 {[%emt 0:00:27]} hxg5 {[%emt 0:00:15]} 26. Rh7+ {[%emt 0:00:31]} Kg8 {[%emt 0:00:21]} 27. Qh5 {[%emt 0:00:10] Bojana Bejatovic resigns (Lag: Av=0.59s, max=1.0s)} 1-0

[Event "ACP-Knockout-2020-Women"]
[Site "Emanuel Lasker Arena"]
[Date "2020.07.28"]
[Round "1.1"]
[White "Anastasia3003"]
[Black "Tomilova_Elena"]
[Result "1/2-1/2"]
[WhiteElo "1825"]
[BlackElo "2084"]
[Annotator "NA"]
[PlyCount "66"]
[EventDate "2020.07.28"]
[EventType "match (blitz)"]

1. e4 {[%emt 0:00:03]} e6 {[%emt 0:00:02]} 2. d4 {[%emt 0:00:01]} d5 {[%emt 0:00:01]} 3. Nc3 {[%emt 0:00:01]} Nf6 {[%emt 0:00:02]} 4. e5 {[%emt 0:00:01]} Nfd7 {[%emt 0:00:01]} 5. f4 {[%emt 0:00:01]} c5 {[%emt 0:00:00]} 6. Nf3 {[%emt 0:00:01]} Nc6 {[%emt 0:00:00]} 7. Be3 {[%emt 0:00:01]} Qb6 {[%emt 0:00:01]} 8. Na4 {[%emt 0:00:10]} Qa5+ {[%emt 0:00:07]} 9. c3 {[%emt 0:00:02]} b6 {[%emt 0:00:04]} 10. Bd2 {[%emt 0:01:56]} c4 {[%emt 0:00:14]} 11. b4 {[%emt 0:00:14]} Nxb4 {[%emt 0:00:39]} 12. cxb4 {[%emt 0:00:03]} Bxb4 {[%emt 0:00:01]} 13. Qc2 {[%emt 0:00:27]} Bxd2+ {[%emt 0:00:15]} 14. Nxd2 {[%emt 0:00:02]} b5 {[%emt 0:00:26]} 15. Nc3 {[%emt 0:00:02]} b4 {[%emt 0:00:01]} 16. Nce4 {[%emt 0:00:38]} O-O {[%emt 0:01:09]} 17. Ng5 {[%emt 0:01:16]} g6 {[%emt 0:00:07]} 18. Rb1 {[%emt 0:00:50]} Qa6 {[%emt 0:01:11]} 19. Rxb4 {[%emt 0:00:45]} Qa3 {[%emt 0:00:22]} 20. Rb1 {[%emt 0:00:39]} Qe3+ {[%emt 0:00:07]} 21. Be2 {[%emt 0:00:02]} Qxd4 {[%emt 0:00:15]} 22. Ngf3 {[%emt 0:00:39]} Qxf4 {[%emt 0:00:19]} 23. Qc3 {[%emt 0:00:09]} f6 {[%emt 0:00:46]} 24. g3 {[%emt 0:02:20]} Qh6 {[%emt 0:00:31]} 25. O-O {[%emt 0:00:23]} fxe5 {[%emt 0:00:41]} 26. Nxe5 {[%emt 0:00:50]} Rxf1+ {[%emt 0:00:28]} 27. Rxf1 {[%emt 0:00:11]} Nxe5 {[%emt 0:01:39]} 28. Qxe5 {[%emt 0:00:01]} Qxd2 {[%emt 0:00:06]} 29. Qf6 {[%emt 0:00:20]} Bd7 {[%emt 0:00:51]} 30. Qf7+ {[%emt 0:00:03]} Kh8 {[%emt 0:00:01]} 31. Qf6+ {[%emt 0:00:06]} Kg8 {[%emt 0:00:01]} 32. Qf7+ {[%emt 0:00:16]} Kh8 {[%emt 0:00:04]} 33. Qf6+ {[%emt 0:00:01]} Kg8 {[%emt 0:00:01] (Lag: Av=0.43s, max=0.5s)} 1/2-1/2

[Event "ACP-Knockout-2020-Women"]
[Site "Emanuel Lasker Arena"]
[Date "2020.07.25"]
[Round "1.1"]
[White "Keti Grant"]
[Black "Tomilova_Elena"]
[Result "1/2-1/2"]
[WhiteElo "1813"]
[BlackElo "1846"]
[Annotator "NA"]
[PlyCount "114"]
[EventDate "2020.07.25"]
[EventType "k.o. (blitz)"]
[EventRounds "4"]

1. e4 {[%emt 0:00:04]} e6 {[%emt 0:00:02]} 2. d4 {[%emt 0:00:03]} d5 {[%emt 0:00:01]} 3. Nc3 {[%emt 0:00:02]} Nf6 {[%emt 0:00:01]} 4. e5 {[%emt 0:00:02]} Nfd7 {[%emt 0:00:06]} 5. f4 {[%emt 0:00:02]} c5 {[%emt 0:00:02]} 6. Nf3 {[%emt 0:00:02]} Nc6 {[%emt 0:00:04]} 7. Be3 {[%emt 0:00:05]} cxd4 {[%emt 0:00:04]} 8. Nxd4 {[%emt 0:00:02]} Bc5 {[%emt 0:00:02]} 9. Qd2 {[%emt 0:00:19]} O-O {[%emt 0:00:03]} 10. O-O-O {[%emt 0:00:25]} Bxd4 {[%emt 0:00:02]} 11. Bxd4 {[%emt 0:00:02]} a6 {[%emt 0:00:00]} 12. Bf2 {[%emt 0:00:42]} b5 {[%emt 0:00:45]} 13. h4 {[%emt 0:00:24]} b4 {[%emt 0:00:33]} 14. Na4 {[%emt 0:00:18]} Qc7 {[%emt 0:00:32]} 15. Kb1 {[%emt 0:00:24]} a5 {[%emt 0:00:13]} 16. h5 {[%emt 0:01:19]} Ba6 {[%emt 0:00:08]} 17. Bxa6 {[%emt 0:01:10]} Rxa6 {[%emt 0:00:03]} 18. g4 {[%emt 0:00:01]} Rc8 {[%emt 0:00:54]} 19. Qd3 {[%emt 0:00:55]} Raa8 {[%emt 0:00:25]} 20. Rc1 {[%emt 0:00:45]} Ne7 {[%emt 0:00:35]} 21. Bh4 {[%emt 0:00:50]} Nc5 {[%emt 0:00:04]} 22. Nxc5 {[%emt 0:00:03]} Qxc5 {[%emt 0:00:01]} 23. f5 {[%emt 0:00:03]} Nc6 {[%emt 0:00:21]} 24. Bg3 {[%emt 0:00:23]} Qd4 {[%emt 0:00:30]} 25. Qe2 {[%emt 0:00:19]} Qc4 {[%emt 0:00:36]} 26. Qxc4 {[%emt 0:01:46]} dxc4 {[%emt 0:00:03]} 27. Rcd1 {[%emt 0:00:00]} a4 {[%emt 0:00:29]} 28. Rd6 {[%emt 0:00:16]} c3 {[%emt 0:00:24]} 29. f6 {[%emt 0:00:19]} b3 {[%emt 0:00:26]} 30. bxc3 {[%emt 0:00:21]} bxc2+ {[%emt 0:00:09]} 31. Kxc2 {[%emt 0:00:03]} Nb4+ {[%emt 0:00:08]} 32. Kd2 {[%emt 0:00:17]} Nd5 {[%emt 0:00:03]} 33. Rc1 {[%emt 0:00:13]} Rc4 {[%emt 0:00:12]} 34. g5 {[%emt 0:00:11]} Rac8 {[%emt 0:00:22]} 35. Bf2 {[%emt 0:00:08]} Rxc3 {[%emt 0:00:40]} 36. Rxc3 {[%emt 0:00:05]} Nxc3 {[%emt 0:00:01]} 37. Kd3 {[%emt 0:00:03]} Nd5 {[%emt 0:00:46]} 38. Bc5 {[%emt 0:00:20]} Nf4+ {[%emt 0:00:23]} 39. Kd4 {[%emt 0:00:05]} Nxh5 {[%emt 0:00:16]} 40. Ra6 {[%emt 0:00:02]} h6 {[%emt 0:00:11]} 41. gxh6 {[%emt 0:00:09]} gxf6 {[%emt 0:00:04]} 42. exf6 {[%emt 0:00:03]} Nxf6 {[%emt 0:00:05]} 43. Rxa4 {[%emt 0:00:02]} Kh7 {[%emt 0:00:28]} 44. Ra7 {[%emt 0:00:02]} Kg6 {[%emt 0:00:12]} 45. a4 {[%emt 0:00:03]} e5+ {[%emt 0:00:09]} 46. Kc4 {[%emt 0:00:18]} Ne4 {[%emt 0:00:03]} 47. Ra5 {[%emt 0:00:11]} Kxh6 {[%emt 0:00:05]} 48. Kd5 {[%emt 0:00:02]} f5 {[%emt 0:00:15]} 49. Be3+ {[%emt 0:00:04]} Kh5 {[%emt 0:00:19]} 50. Kxe5 {[%emt 0:00:02]} Kg4 {[%emt 0:00:01]} 51. Ra7 {[%emt 0:00:04]} Kf3 {[%emt 0:00:13]} 52. Bd4 {[%emt 0:00:03]} f4 {[%emt 0:00:18]} 53. a5 {[%emt 0:00:03]} Re8+ {[%emt 0:00:17]} 54. Kd5 {[%emt 0:00:02]} Rd8+ {[%emt 0:00:06]} 55. Ke5 {[%emt 0:00:07]} Re8+ {[%emt 0:00:01]} 56. Kd5 {[%emt 0:00:01]} Rd8+ {[%emt 0:00:01]} 57. Ke5 {[%emt 0:00:15]} Re8+ {[%emt 0:00:01] (Lag: Av=0.54s, max=4.0s)} 1/2-1/2

[Event "ACP-Knockout-2020-Women"]
[Site "Emanuel Lasker Arena"]
[Date "2020.07.28"]
[Round "1.2"]
[White "Tomilova_Elena"]
[Black "Anastasia3003"]
[Result "1/2-1/2"]
[WhiteElo "2060"]
[BlackElo "1846"]
[Annotator "NA"]
[PlyCount "40"]
[EventDate "2020.07.28"]
[EventType "match (blitz)"]

1. d4 {[%emt 0:00:03]} Nf6 {[%emt 0:00:02]} 2. Nf3 {[%emt 0:00:02]} g6 {[%emt 0:00:01]} 3. g3 {[%emt 0:00:03]} Bg7 {[%emt 0:00:01]} 4. Bg2 {[%emt 0:00:01]} d5 {[%emt 0:00:20]} 5. O-O {[%emt 0:00:04]} O-O {[%emt 0:00:01]} 6. b3 {[%emt 0:00:07]} a5 {[%emt 0:00:10]} 7. Bb2 {[%emt 0:00:11]} a4 {[%emt 0:00:13]} 8. c4 {[%emt 0:00:08]} c6 {[%emt 0:00:12]} 9. Nc3 {[%emt 0:00:51]} a3 {[%emt 0:01:32]} 10. Bc1 {[%emt 0:00:03]} dxc4 {[%emt 0:00:50]} 11. bxc4 {[%emt 0:00:04]} c5 {[%emt 0:00:07]} 12. Rb1 {[%emt 0:00:32]} Bf5 {[%emt 0:01:32]} 13. Rxb7 {[%emt 0:00:48]} Ne4 {[%emt 0:00:04]} 14. Nxe4 {[%emt 0:00:21]} Bxe4 {[%emt 0:00:01]} 15. Rb3 {[%emt 0:00:07]} cxd4 {[%emt 0:00:36]} 16. Rxa3 {[%emt 0:00:33]} Nc6 {[%emt 0:00:14]} 17. Qb3 {[%emt 0:01:46]} Rb8 {[%emt 0:00:45]} 18. Qd1 {[%emt 0:00:28]} Ra8 {[%emt 0:00:37]} 19. Qb3 {[%emt 0:00:11]} Rb8 {[%emt 0:00:02]} 20. Qd1 {[%emt 0:00:01]} Ra8 {[%emt 0:00:27] (Lag: Av=0.41s, max=0.6s)} 1/2-1/2

[Event "ACP-Knockout-2020-Women"]
[Site "Emanuel Lasker Arena"]
[Date "2020.07.25"]
[Round "1.2"]
[White "Tomilova_Elena"]
[Black "Keti Grant"]
[Result "1-0"]
[WhiteElo "1839"]
[BlackElo "1819"]
[Annotator "NA"]
[PlyCount "57"]
[EventDate "2020.07.25"]
[EventType "k.o. (blitz)"]
[EventRounds "4"]

1. d4 {[%emt 0:00:03]} d5 {[%emt 0:00:03]} 2. Nf3 {[%emt 0:00:05]} Nf6 {[%emt 0:00:03]} 3. c4 {[%emt 0:00:01]} e6 {[%emt 0:00:05]} 4. Nc3 {[%emt 0:00:02]} Nbd7 {[%emt 0:00:05]} 5. Bf4 {[%emt 0:00:10]} c6 {[%emt 0:00:43]} 6. e3 {[%emt 0:00:18]} Be7 {[%emt 0:00:32]} 7. h3 {[%emt 0:00:19]} O-O {[%emt 0:00:06]} 8. Rc1 {[%emt 0:00:13]} b6 {[%emt 0:00:15]} 9. cxd5 {[%emt 0:00:22]} exd5 {[%emt 0:00:03]} 10. Bd3 {[%emt 0:00:06]} Bb7 {[%emt 0:00:03]} 11. O-O {[%emt 0:00:04]} a6 {[%emt 0:00:06]} 12. Qb3 {[%emt 0:00:34]} c5 {[%emt 0:00:32]} 13. dxc5 {[%emt 0:00:29]} Nxc5 {[%emt 0:00:02]} 14. Qc2 {[%emt 0:00:01]} Nfe4 {[%emt 0:01:35]} 15. Be5 {[%emt 0:00:03]} Bf6 {[%emt 0:01:04]} 16. Bxf6 {[%emt 0:00:42]} Qxf6 {[%emt 0:00:03]} 17. Rfd1 {[%emt 0:00:01]} Rfd8 {[%emt 0:00:25]} 18. Nd4 {[%emt 0:00:10]} Rac8 {[%emt 0:00:07]} 19. Qe2 {[%emt 0:00:16]} Nxd3 {[%emt 0:00:56]} 20. Rxd3 {[%emt 0:00:03]} a5 {[%emt 0:00:07]} 21. Rdd1 {[%emt 0:00:13]} h6 {[%emt 0:00:36]} 22. Rc2 {[%emt 0:00:27]} Rc5 {[%emt 0:00:33]} 23. Rdc1 {[%emt 0:00:32]} Rdc8 {[%emt 0:00:04]} 24. Na4 {[%emt 0:00:03]} Rc4 {[%emt 0:01:24]} 25. b3 {[%emt 0:00:08]} Rxc2 {[%emt 0:00:07]} 26. Rxc2 {[%emt 0:00:02]} Rxc2 {[%emt 0:00:30]} 27. Qxc2 {[%emt 0:00:07]} Ba6 {[%emt 0:00:12]} 28. Nc3 {[%emt 0:00:36]} Bd3 {[%emt 0:00:26]} 29. Nxd5 {[%emt 0:00:45] Black restart ok. White restart ok. Time '} 1-0

[Event "ACP-Knockout-2020-Women"]
[Site "Emanuel Lasker Arena"]
[Date "2020.07.25"]
[Round "1.2"]
[White "Bojana Bejatovic"]
[Black "Anastasia3003"]
[Result "0-1"]
[WhiteElo "1620"]
[BlackElo "1884"]
[Annotator "NA"]
[PlyCount "52"]
[EventDate "2020.07.25"]
[EventType "k.o. (blitz)"]
[EventRounds "4"]

1. e4 {[%emt 0:00:02]} c5 {[%emt 0:00:05]} 2. Nf3 {[%emt 0:00:02]} d6 {[%emt 0:00:02]} 3. d4 {[%emt 0:00:02]} cxd4 {[%emt 0:00:02]} 4. Qxd4 {[%emt 0:00:01]} a6 {[%emt 0:00:23]} 5. Be2 {[%emt 0:00:04]} Nc6 {[%emt 0:00:06]} 6. Qe3 {[%emt 0:00:01]} g6 {[%emt 0:00:33]} 7. h3 {[%emt 0:00:06]} Bg7 {[%emt 0:00:13]} 8. O-O {[%emt 0:00:06]} Nf6 {[%emt 0:00:06]} 9. Rd1 {[%emt 0:00:21]} Nd7 {[%emt 0:00:46]} 10. c4 {[%emt 0:00:24]} O-O {[%emt 0:00:08]} 11. Nc3 {[%emt 0:00:03]} Nc5 {[%emt 0:00:25]} 12. Nd5 {[%emt 0:02:38]} e6 {[%emt 0:00:53]} 13. Nc3 {[%emt 0:00:04]} Qe7 {[%emt 0:00:18]} 14. Rb1 {[%emt 0:00:14]} f5 {[%emt 0:01:02]} 15. exf5 {[%emt 0:01:55]} gxf5 {[%emt 0:00:14]} 16. b4 {[%emt 0:00:17]} Nd7 {[%emt 0:00:04]} 17. b5 {[%emt 0:01:07]} axb5 {[%emt 0:00:22]} 18. Nxb5 {[%emt 0:00:24]} Rxa2 {[%emt 0:01:01]} 19. Nxd6 {[%emt 0:00:10]} f4 {[%emt 0:00:43]} 20. Nxc8 {[%emt 0:00:48]} Rxc8 {[%emt 0:00:31]} 21. Qb3 {[%emt 0:00:58]} Rxe2 {[%emt 0:01:17]} 22. Qd3 {[%emt 0:00:02]} Ra2 {[%emt 0:00:31]} 23. Qxd7 {[%emt 0:00:03]} Rd8 {[%emt 0:00:17]} 24. Rxb7 {[%emt 0:01:11]} Rxd7 {[%emt 0:00:03]} 25. Rdxd7 {[%emt 0:00:00]} Qxd7 {[%emt 0:01:06]} 26. Rxd7 {[%emt 0:00:00]} Ra1 {[%emt 0:00:01] Bojana Bejatovic resigns (Lag: Av=0.58s, max=1.2s)} 0-1

[Event "ACP-Knockout-2020-Women"]
[Site "Emanuel Lasker Arena"]
[Date "2020.07.25"]
[Round "1.3"]
[White "Anastasia3003"]
[Black "Bojana Bejatovic"]
[Result "1/2-1/2"]
[WhiteElo "1909"]
[BlackElo "1620"]
[Annotator "NA"]
[PlyCount "60"]
[EventDate "2020.07.25"]
[EventType "k.o. (blitz)"]
[EventRounds "4"]

1. e4 {[%emt 0:00:07]} c5 {[%emt 0:00:01]} 2. Nc3 {[%emt 0:00:02]} Nc6 {[%emt 0:00:01]} 3. Bb5 {[%emt 0:00:06]} Nd4 {[%emt 0:00:01]} 4. Bc4 {[%emt 0:00:04]} e6 {[%emt 0:00:01]} 5. Nge2 {[%emt 0:00:02]} a6 {[%emt 0:00:02]} 6. a4 {[%emt 0:00:02]} Ne7 {[%emt 0:00:01]} 7. O-O {[%emt 0:00:16]} Nec6 {[%emt 0:00:04]} 8. d3 {[%emt 0:00:05]} Be7 {[%emt 0:00:10]} 9. f4 {[%emt 0:00:10]} d6 {[%emt 0:01:05]} 10. Nxd4 {[%emt 0:01:27]} cxd4 {[%emt 0:00:18]} 11. Ne2 {[%emt 0:00:04]} d5 {[%emt 0:00:07]} 12. exd5 {[%emt 0:00:24]} exd5 {[%emt 0:00:00]} 13. Bb3 {[%emt 0:00:01]} O-O {[%emt 0:00:11]} 14. Ng3 {[%emt 0:01:03]} Bh4 {[%emt 0:02:34]} 15. Qf3 {[%emt 0:00:08]} Bxg3 {[%emt 0:00:56]} 16. hxg3 {[%emt 0:00:30]} Ne7 {[%emt 0:00:18]} 17. g4 {[%emt 0:00:07]} f5 {[%emt 0:00:08]} 18. g5 {[%emt 0:00:04]} Be6 {[%emt 0:01:17]} 19. Re1 {[%emt 0:00:19]} Bf7 {[%emt 0:00:11]} 20. Bd2 {[%emt 0:00:04]} Qd6 {[%emt 0:00:54]} 21. Re2 {[%emt 0:00:33]} Nc6 {[%emt 0:01:37]} 22. Rae1 {[%emt 0:00:04]} Rac8 {[%emt 0:00:18]} 23. Qh3 {[%emt 0:00:12]} Qg6 {[%emt 0:00:36]} 24. Kf2 {[%emt 0:00:26]} Rcd8 {[%emt 0:00:08]} 25. a5 {[%emt 0:00:27]} Qh5 {[%emt 0:00:05]} 26. Qxh5 {[%emt 0:01:18]} Bxh5 {[%emt 0:00:00]} 27. Re6 {[%emt 0:00:01]} Bf7 {[%emt 0:00:17]} 28. R6e2 {[%emt 0:00:01]} Bh5 {[%emt 0:00:02]} 29. Re6 {[%emt 0:00:01]} Bf7 {[%emt 0:00:01]} 30. R6e2 {[%emt 0:00:02]} Bh5 {[%emt 0:00:01] (Lag: Av=0.55s, max=0.7s)} 1/2-1/2

[Event "ACP-Knockout-2020-Women"]
[Site "Emanuel Lasker Arena"]
[Date "2020.07.28"]
[Round "1.3"]
[White "Anastasia3003"]
[Black "Tomilova_Elena"]
[Result "1/2-1/2"]
[WhiteElo "1863"]
[BlackElo "2042"]
[Annotator "NA"]
[PlyCount "145"]
[EventDate "2020.07.28"]
[EventType "match (blitz)"]

1. e4 {[%emt 0:00:03]} e6 {[%emt 0:00:03]} 2. d4 {[%emt 0:00:02]} d5 {[%emt 0:00:01]} 3. Nc3 {[%emt 0:00:01]} Nf6 {[%emt 0:00:02]} 4. e5 {[%emt 0:00:01]} Nfd7 {[%emt 0:00:01]} 5. f4 {[%emt 0:00:01]} c5 {[%emt 0:00:01]} 6. Nf3 {[%emt 0:00:01]} Nc6 {[%emt 0:00:01]} 7. Be3 {[%emt 0:00:01]} Qb6 {[%emt 0:00:02]} 8. Na4 {[%emt 0:00:05]} Qa5+ {[%emt 0:00:01]} 9. c3 {[%emt 0:00:02]} b6 {[%emt 0:00:03]} 10. Bd2 {[%emt 0:00:05]} c4 {[%emt 0:00:02]} 11. b4 {[%emt 0:00:03]} Qa6 {[%emt 0:00:04]} 12. Be2 {[%emt 0:00:25]} Be7 {[%emt 0:00:36]} 13. Qc2 {[%emt 0:00:35]} f5 {[%emt 0:00:24]} 14. h3 {[%emt 0:02:16]} O-O {[%emt 0:01:23]} 15. g4 {[%emt 0:00:31]} Nd8 {[%emt 0:00:09]} 16. Rg1 {[%emt 0:00:35]} Qb7 {[%emt 0:01:14]} 17. Kf2 {[%emt 0:01:17]} Rf7 {[%emt 0:00:09]} 18. h4 {[%emt 0:00:17]} Nf8 {[%emt 0:00:51]} 19. h5 {[%emt 0:00:25]} fxg4 {[%emt 0:00:03]} 20. Rxg4 {[%emt 0:00:04]} Bd7 {[%emt 0:00:03]} 21. Nb2 {[%emt 0:00:43]} a5 {[%emt 0:00:10]} 22. a3 {[%emt 0:00:13]} axb4 {[%emt 0:00:58]} 23. cxb4 {[%emt 0:00:01]} b5 {[%emt 0:00:02]} 24. Nd1 {[%emt 0:00:20]} Nc6 {[%emt 0:00:23]} 25. Bc3 {[%emt 0:00:04]} Rf5 {[%emt 0:00:59]} 26. h6 {[%emt 0:00:51]} g6 {[%emt 0:00:04]} 27. Ne3 {[%emt 0:00:22]} Rh5 {[%emt 0:00:07]} 28. Bb2 {[%emt 0:00:17]} Rxh6 {[%emt 0:00:24]} 29. Rag1 {[%emt 0:00:05]} Qc8 {[%emt 0:00:35]} 30. R4g2 {[%emt 0:00:24]} Kf7 {[%emt 0:00:28]} 31. f5 {[%emt 0:01:12]} gxf5 {[%emt 0:00:13]} 32. Rg7+ {[%emt 0:00:24]} Ke8 {[%emt 0:00:01]} 33. Ng2 {[%emt 0:00:02]} Ng6 {[%emt 0:00:19]} 34. Bc1 {[%emt 0:00:10]} Rh3 {[%emt 0:00:17]} 35. Nf4 {[%emt 0:00:10]} Nxf4 {[%emt 0:00:05]} 36. Bxf4 {[%emt 0:00:04]} Kd8 {[%emt 0:00:02]} 37. Rg8+ {[%emt 0:00:11]} Be8 {[%emt 0:00:01]} 38. Bg5 {[%emt 0:00:21]} Rxa3 {[%emt 0:00:19]} 39. Qc1 {[%emt 0:00:10]} Ra2 {[%emt 0:00:23]} 40. Bxe7+ {[%emt 0:00:11]} Nxe7 {[%emt 0:00:06]} 41. Qg5 {[%emt 0:00:06]} Kd7 {[%emt 0:00:34]} 42. Rg7 {[%emt 0:00:03]} Qd8 {[%emt 0:00:02]} 43. Qf6 {[%emt 0:00:03]} Bg6 {[%emt 0:00:14]} 44. Ng5 {[%emt 0:00:14]} Rh2+ {[%emt 0:00:08]} 45. Kg3 {[%emt 0:00:01]} Rhxe2 {[%emt 0:00:40]} 46. Qxe6+ {[%emt 0:00:01]} Kc7 {[%emt 0:00:02]} 47. Rxe7+ {[%emt 0:00:01]} Kb8 {[%emt 0:00:02]} 48. Qd6+ {[%emt 0:00:20]} Qxd6 {[%emt 0:00:06]} 49. exd6 {[%emt 0:00:01]} Rxe7 {[%emt 0:00:06]} 50. dxe7 {[%emt 0:00:01]} Re2 {[%emt 0:00:02]} 51. Nf3 {[%emt 0:00:10]} Rxe7 {[%emt 0:00:04]} 52. Ne5 {[%emt 0:00:01]} Kc7 {[%emt 0:00:04]} 53. Ra1 {[%emt 0:00:02]} Kb6 {[%emt 0:00:04]} 54. Kf4 {[%emt 0:00:01]} Ra7 {[%emt 0:00:15]} 55. Rg1 {[%emt 0:00:07]} Rc7 {[%emt 0:00:16]} 56. Rc1 {[%emt 0:00:18]} c3 {[%emt 0:00:16]} 57. Rc2 {[%emt 0:00:04]} Bh5 {[%emt 0:00:19]} 58. Nd3 {[%emt 0:00:04]} Bd1 {[%emt 0:00:05]} 59. Rc1 {[%emt 0:00:01]} c2 {[%emt 0:00:02]} 60. Nf2 {[%emt 0:00:11]} Rc4 {[%emt 0:00:03]} 61. Ke5 {[%emt 0:00:05]} Kc6 {[%emt 0:00:11]} 62. Nxd1 {[%emt 0:00:02]} cxd1=Q {[%emt 0:00:02]} 63. Rxd1 {[%emt 0:00:00]} Rxb4 {[%emt 0:00:01]} 64. Kxf5 {[%emt 0:00:01]} Rc4 {[%emt 0:00:12]} 65. Ke5 {[%emt 0:00:02]} b4 {[%emt 0:00:02]} 66. Rh1 {[%emt 0:00:08]} b3 {[%emt 0:00:06]} 67. Rh6+ {[%emt 0:00:01]} Kb5 {[%emt 0:00:14]} 68. Rxh7 {[%emt 0:00:13]} Kb4 {[%emt 0:00:13]} 69. Kxd5 {[%emt 0:00:05]} b2 {[%emt 0:00:03]} 70. Rb7+ {[%emt 0:00:01]} Kc3 {[%emt 0:00:01]} 71. Rxb2 {[%emt 0:00:06]} Rxd4+ {[%emt 0:00:01]} 72. Ke5 {[%emt 0:00:02]} Kxb2 {[%emt 0:00:02]} 73. Kxd4 {[%emt 0:00:01] (Lag: Av=0.50s, max=1.0s)} 1/2-1/2

[Event "ACP-Knockout-2020-Women"]
[Site "Emanuel Lasker Arena"]
[Date "2020.07.25"]
[Round "1.3"]
[White "Keti Grant"]
[Black "Tomilova_Elena"]
[Result "0-1"]
[WhiteElo "1732"]
[BlackElo "1949"]
[Annotator "NA"]
[PlyCount "86"]
[EventDate "2020.07.25"]
[EventType "k.o. (blitz)"]
[EventRounds "4"]

1. e4 {[%emt 0:00:07]} e6 {[%emt 0:00:01]} 2. d4 {[%emt 0:00:04]} d5 {[%emt 0:00:06]} 3. Nc3 {[%emt 0:00:02]} Nf6 {[%emt 0:00:04]} 4. e5 {[%emt 0:00:02]} Nfd7 {[%emt 0:00:01]} 5. f4 {[%emt 0:00:01]} c5 {[%emt 0:00:01]} 6. Nf3 {[%emt 0:00:05]} Nc6 {[%emt 0:00:02]} 7. Be3 {[%emt 0:00:02]} cxd4 {[%emt 0:00:03]} 8. Nxd4 {[%emt 0:00:02]} Bc5 {[%emt 0:00:01]} 9. Qd2 {[%emt 0:00:02]} O-O {[%emt 0:00:02]} 10. O-O-O {[%emt 0:00:03]} a6 {[%emt 0:00:15]} 11. Qf2 {[%emt 0:00:10]} Bxd4 {[%emt 0:00:34]} 12. Bxd4 {[%emt 0:00:02]} b5 {[%emt 0:00:02]} 13. Bd3 {[%emt 0:00:33]} b4 {[%emt 0:01:15]} 14. Na4 {[%emt 0:00:36]} Nxd4 {[%emt 0:00:04]} 15. Qxd4 {[%emt 0:00:02]} a5 {[%emt 0:00:01]} 16. Bb5 {[%emt 0:00:10]} Rb8 {[%emt 0:00:26]} 17. Bxd7 {[%emt 0:01:41]} Bxd7 {[%emt 0:00:19]} 18. Nc5 {[%emt 0:00:02]} Bb5 {[%emt 0:00:01]} 19. Kb1 {[%emt 0:02:08]} Qc7 {[%emt 0:00:10]} 20. Rc1 {[%emt 0:00:28]} Rfc8 {[%emt 0:00:31]} 21. Nb3 {[%emt 0:00:21]} a4 {[%emt 0:00:10]} 22. Nd2 {[%emt 0:00:01]} Bc4 {[%emt 0:00:45]} 23. h4 {[%emt 0:01:31]} Rb6 {[%emt 0:00:35]} 24. Qe3 {[%emt 0:00:35]} Rc6 {[%emt 0:00:22]} 25. Nf3 {[%emt 0:00:02]} b3 {[%emt 0:00:22]} 26. Nd4 {[%emt 0:00:28]} bxa2+ {[%emt 0:00:15]} 27. Ka1 {[%emt 0:00:04]} Rb6 {[%emt 0:00:00]} 28. b3 {[%emt 0:01:59]} Ba6 {[%emt 0:00:07]} 29. Kxa2 {[%emt 0:00:11]} Bb5 {[%emt 0:01:15]} 30. Kb2 {[%emt 0:00:25]} Be8 {[%emt 0:00:30]} 31. Ra1 {[%emt 0:00:04]} Rcb8 {[%emt 0:00:25]} 32. Rhc1 {[%emt 0:00:21]} Rb4 {[%emt 0:00:20]} 33. c3 {[%emt 0:00:19]} Rxb3+ {[%emt 0:00:11]} 34. Nxb3 {[%emt 0:00:02]} Rxb3+ {[%emt 0:00:03]} 35. Kc2 {[%emt 0:00:01]} Bb5 {[%emt 0:00:33]} 36. Rcb1 {[%emt 0:00:09]} Qc4 {[%emt 0:00:11]} 37. Rxb3 {[%emt 0:00:08]} Qxb3+ {[%emt 0:00:07]} 38. Kc1 {[%emt 0:00:01]} a3 {[%emt 0:00:11]} 39. Rb1 {[%emt 0:00:02]} Qc4 {[%emt 0:00:12]} 40. Qd4 {[%emt 0:00:10]} Qf1+ {[%emt 0:00:17]} 41. Kc2 {[%emt 0:00:03]} Qxg2+ {[%emt 0:00:20]} 42. Kb3 {[%emt 0:00:06]} Bc4+ {[%emt 0:00:11]} 43. Ka4 {[%emt 0:00:05]} Qc2+ {[%emt 0:00:12] Keti Grant resigns (Lag: Av=0.45s, max=0.8s)} 0-1